Normal view
MARC view
- WIRELESS COMMUNICATIONS.WIRELESS NETWORKS
Entry Topical Term
001 - CONTROL NUMBER
- control field: 57871
003 - CONTROL NUMBER IDENTIFIER
- control field: NUST
005 - DATE AND TIME OF LATEST TRANSACTION
- control field: 20210628202017.0
008 - FIXED-LENGTH DATA ELEMENTS
- fixed length control field: 210628|| aca||aabn | a|a d
040 ## - CATALOGING SOURCE
- Original cataloging agency: NUST
- Transcribing agency: NUST
150 ## - HEADING--TOPICAL TERM
- Topical term or geographic name entry element: WIRELESS COMMUNICATIONS.WIRELESS NETWORKS
670 ## - SOURCE DATA FOUND
- Source citation: Work cat.: (NUST): Misra, Iti Saha 57870, Wireless communications and networks,3g and beyond, 2015
